| 000 | 00440nam a2200157 a 4500 | ||
|---|---|---|---|
| 001 | 000031622 | ||
| 005 | 20200930063047.0 | ||
| 008 | 110428s2003 dr 000 0 spa d | ||
| 040 |
_aDO-SdBNP _bspa _cBNPHU |
||
| 082 | _axxx | ||
| 110 | 1 |
_aCentro Nacional de Investigaciones en Salud Materno Infantil _955757 |
|
| 245 | 1 | 0 | _aInformes anual 2003. |
| 260 |
_aSanto Domingo, : _bCENISMI, _c2003. |
||
| 300 |
_a17 p. ; _c27 cm. |
||
| 049 | _aBNPD | ||
| 999 |
_c31114 _d31114 |
||